<?xml version="1.0" encoding="UTF-8"?>
<marc:record xmlns:marc="http://www.loc.gov/MARC21/slim">
   <marc:leader>00000nam a2200000 a 4500</marc:leader>
   <marc:datafield ind1="1" ind2=" " tag="100">
      <marc:subfield code="a">Carlson, Caroline</marc:subfield>
      <marc:subfield code="4">aut</marc:subfield>
      <marc:subfield code="e">Verfasser/-in</marc:subfield>
   </marc:datafield>
   <marc:datafield ind1=" " ind2=" " tag="653">
      <marc:subfield code="a">Softcover / Kinder- und Jugendbücher/Kinderbücher bis 11 Jahre</marc:subfield>
   </marc:datafield>
   <marc:datafield ind1="0" ind2="0" tag="245">
      <marc:subfield code="a">Hilary und der fast ganz ehrbare Club der Piraten</marc:subfield>
   </marc:datafield>
   <marc:datafield ind1="0" ind2="0" tag="245">
      <marc:subfield code="c">Caroline Carlson. Aus dem Amerikan. übers. von Karen Gerwig. Ill. von Tom Percival</marc:subfield>
   </marc:datafield>
   <marc:datafield ind1=" " ind2="1" tag="264">
      <marc:subfield code="a">Freiburg, Br.</marc:subfield>
      <marc:subfield code="b">Kerle</marc:subfield>
      <marc:subfield code="c">2015</marc:subfield>
   </marc:datafield>
   <marc:datafield ind1="1" ind2=" " tag="490">
      <marc:subfield code="a">Hilary und der fast ganz ehrbare Club der Piraten</marc:subfield>
   </marc:datafield>
   <marc:datafield ind1="1" ind2=" " tag="520">
      <marc:subfield code="a">Angaben aus der Verlagsmeldung

Hilary und der fast ganz ehrbare Club der Piraten Band 2 - Der Schrecken des Südens / von Caroline Carlson

Das Leben als Piratin hat sich Hilary anders vorgestellt. Seit Monaten liegen sie mit ihrem Schiff im Hafen, selbst der Präsident des FGECP* zweifelt schon an ihren Fähigkeiten, während ihr vorlauter Wasserspeier schon einmal seine Memoiren verfasst. Doch dann wird Miss Pimm entführt, Hilary bedroht, von einer magischen Explosion gebrandmarkt und - schlimmer noch - gezwungen, ein Ballkleid zu tragen.
*»Fast Ganz Ehrbarer Club Der Piraten«
</marc:subfield>
   </marc:datafield>
   <marc:datafield ind1=" " ind2=" " tag="020">
      <marc:subfield code="a">9783451712234</marc:subfield>
      <marc:subfield code="9">9783451712234</marc:subfield>
   </marc:datafield>
   <marc:datafield ind1=" " ind2=" " tag="020">
      <marc:subfield code="a">3451712237</marc:subfield>
      <marc:subfield code="9">3451712237</marc:subfield>
   </marc:datafield>
   <marc:datafield ind1=" " ind2=" " tag="041">
      <marc:subfield code="a">ger</marc:subfield>
   </marc:datafield>
   <marc:datafield ind1=" " ind2=" " tag="300">
      <marc:subfield code="a">351 S.</marc:subfield>
   </marc:datafield>
</marc:record>
